US Cities with population > 100K - Statistics

General Stats
  • This quiz has been taken 3,235 times
    1,573 since last reset
  • The average score is 154 of 340
Answer Stats
Status St Name 2019 % Correct
City NY New York 8.337M
99%
City CA Los Angeles 3.980M
98%
City IL Chicago 2.694M
97%
City TX Houston 2.320M
95%
City TX Dallas 1.344M
95%
City AZ Phoenix 1.681M
95%
City PA Philadelphia 1.584M
94%
City CA San Diego 1.424M
94%
City FL Miami 468K
93%
City CA San Francisco 882K
93%
City TX Austin 979K
92%
City MS Jackson 161K
91%
City IN Indianapolis 876K
91%
City TX San Antonio 1.547M
91%
City WA Seattle 754K
91%
City MA Boston 693K
90%
City CO Denver 727K
90%
City FL Jacksonville 912K
90%
City NV Las Vegas 651K
90%
City OR Portland 655K
89%
City DC Washington 706K
89%
City GA Atlanta 507K
88%
City CA San Jose 1.022M
88%
City MI Detroit 670K
88%
City OH Columbus 899K
87%
City TN Nashville 671K
87%
City OK Oklahoma City 655K
87%
City NC Charlotte 886K
87%
City GA Columbus 196K
87%
City NY Buffalo 255K
86%
City MN Minneapolis 430K
85%
City MO Kansas City 495K
85%
City KS Kansas City 153K
85%
City TN Memphis 651K
85%
City LA New Orleans 390K
84%
City FL Tampa 400K
84%
City MD Baltimore 593K
84%
City OH Cleveland 381K
84%
City TX El Paso 682K
84%
City TX Fort Worth 910K
84%
City NM Albuquerque 561K
83%
City FL Orlando 287K
83%
City CA Sacramento 514K
83%
City WI Milwaukee 590K
82%
City MO St. Louis 301K
82%
City OH Cincinnati 304K
82%
City PA Pittsburgh 300K
81%
City KY Louisville 618K
80%
City AZ Tucson 548K
80%
City NC Raleigh 474K
79%
City CO Colorado Springs 478K
77%
City OK Tulsa 401K
77%
City UT Salt Lake City 201K
76%
City NV Reno 256K
76%
CDP HI Honolulu 345K
75%
City NE Omaha 478K
75%
City IL Springfield 114K
75%
City MN St. Paul 308K
75%
City VA Richmond 230K
75%
City CA Richmond 111K
75%
City MO Springfield 168K
75%
City MA Springfield 154K
75%
City LA Baton Rouge 220K
74%
City VA Virginia Beach 450K
74%
City ID Boise 229K
73%
City NE Lincoln 289K
73%
City NY Rochester 206K
73%
City MN Rochester 119K
73%
City WI Madison 260K
72%
City AL Birmingham 209K
72%
City CA Fresno 532K
72%
City FL Tallahassee 195K
71%
City NJ Newark 282K
71%
City CA Oakland 433K
71%
City OR Salem 174K
70%
City IA Des Moines 214K
69%
City SC Charleston 138K
69%
City TX Wichita Falls 105K
69%
City KS Wichita 390K
69%
Mun AK Anchorage 288K
68%
City NJ Jersey City 262K
67%
City AZ Mesa 518K
67%
City NY Syracuse 142K
67%
City AL Montgomery 199K
67%
City RI Providence 180K
67%
City AR Little Rock 197K
66%
City SC Columbia 132K
65%
City OH Toledo 273K
65%
City TX Arlington 399K
65%
CDP VA Arlington 208K
65%
City MO Columbia 123K
65%
CDP MD Columbia 107K
65%
City CT Hartford 122K
65%
City CA Bakersfield 384K
64%
City KY Lexington 323K
63%
City CA Long Beach 463K
63%
City TX Corpus Christi 327K
62%
City SD Sioux Falls 184K
62%
City WA Spokane 222K
62%
City WA Spokane Valley 101K
62%
City GA Savannah 144K
61%
City AL Mobile 189K
61%
City KS Topeka 125K
61%
City OH Dayton 140K
60%
City TN Knoxville 188K
60%
City CA Anaheim 350K
60%
City NC Greensboro 297K
60%
City NY Yonkers 200K
60%
City-County GA Augusta 198K
59%
City CO Aurora 379K
59%
City NC Durham 279K
59%
City MI Grand Rapids 201K
59%
City FL St. Petersburg 265K
59%
City IL Aurora 198K
59%
City OH Akron 198K
58%
City IN Fort Wayne 270K
58%
City FL Fort Lauderdale 182K
57%
City CA Riverside 331K
57%
City WA Tacoma 218K
56%
City TX Amarillo 199K
56%
City ND Fargo 125K
56%
City MI Lansing 118K
56%
City CA San Bernardino 216K
56%
City CT New Haven 130K
55%
City CO Boulder 106K
55%
City OR Eugene 173K
54%
City VA Norfolk 243K
54%
City NV North Las Vegas 252K
54%
City TN Chattanooga 183K
53%
City WI Green Bay 105K
53%
City NV Henderson 320K
53%
City TX Lubbock 259K
53%
City TX Waco 139K
52%
City MT Billings 110K
52%
City UT Provo 117K
51%
City AZ Scottsdale 258K
51%
City CA Stockton 313K
51%
City NH Manchester 113K
50%
City CA Santa Ana 332K
50%
City AZ Glendale 252K
49%
City CA Glendale 199K
49%
City VA Newport News 179K
49%
City NC Wilmington 124K
49%
City TX Brownsville 183K
49%
City LA Shreveport 187K
49%
City TX Allen 106K
48%
City AL Huntsville 201K
48%
City TX Laredo 262K
48%
City MI Ann Arbor 120K
47%
City IA Cedar Rapids 134K
47%
City CA Irvine 287K
47%
City CT Bridgeport 144K
47%
City TX McAllen 143K
47%
City NC Winston-Salem 248K
46%
City MA Worcester 185K
46%
City-County GA Athens 127K
44%
City LA Lafayette 126K
44%
City TX Pasadena 151K
44%
City CA Pasadena 141K
44%
City IL Peoria 110K
44%
City TX Plano 288K
44%
City WA Vancouver 184K
44%
City VA Alexandria 159K
44%
City AZ Peoria 176K
44%
City PA Allentown 121K
43%
City AZ Chandler 261K
43%
City NC Fayetteville 212K
43%
City CA Concord 129K
42%
City-County GA Macon 153K
42%
City AZ Tempe 196K
42%
City CO Fort Collins 170K
42%
City IN South Bend 102K
41%
City VA Chesapeake 245K
40%
City FL Hollywood 155K
40%
City CA Modesto 215K
39%
City CA Chula Vista 274K
39%
City TX Irving 240K
38%
City CA Huntington Beach 199K
38%
Town NY Huntington 201K
38%
City CA Orange 139K
38%
City CA Fremont 241K
37%
City TX Odessa 123K
37%
City FL Cape Coral 194K
37%
City TX Midland 146K
37%
City AL Tuscaloosa 101K
37%
City IN Evansville 118K
36%
City KS Overland Park 195K
36%
City CA Santa Clarita 213K
36%
City MA Cambridge 119K
36%
City FL Gainesville 134K
36%
City NM Las Cruces 103K
35%
City CA Oxnard 209K
35%
City IL Rockford 146K
35%
City IA Davenport 102K
35%
Town AZ Gilbert 254K
35%
City FL Hialeah 233K
35%
City CA Santa Clara 130K
35%
City WA Bellevue 148K
34%
City OR Bend 100K
34%
City TX Abilene 123K
34%
City CA Lancaster 158K
34%
City IL Naperville 148K
34%
City CT Stamford 130K
34%
City CA Berkeley 121K
33%
City CO Pueblo 112K
33%
City CA Santa Rosa 177K
33%
City NJ Elizabeth 129K
33%
City FL West Palm Beach 112K
32%
City TX Garland 240K
32%
City IL Joliet 147K
32%
City TX Frisco 200K
31%
City OK Norman 125K
31%
City TX College Station 118K
31%
City FL Port St. Lucie 202K
31%
City TX Beaumont 117K
30%
City TN Clarksville 158K
30%
Town NC Cary 170K
29%
City TX Denton 142K
29%
City FL Clearwater 117K
29%
City NJ Paterson 145K
29%
City WA Everett 111K
28%
City CA Oceanside 176K
28%
City VA Hampton 135K
27%
City TN Murfreesboro 147K
27%
City OK Broken Arrow 110K
27%
City FL Lakeland 112K
27%
City CA Ontario 185K
27%
CDP NV Paradise 245K
27%
City TX Killeen 152K
26%
City MA Lowell 111K
26%
City TX McKinney 199K
26%
City TX Tyler 107K
26%
City UT West Valley City 135K
26%
City CO Lakewood 158K
25%
City CA Burbank 103K
25%
City WA Kent 132K
25%
City CA Thousand Oaks 127K
25%
City CA Salinas 155K
24%
City CA Santa Maria 107K
24%
City CA Torrance 144K
24%
City MO Independence 117K
24%
City CA Rancho Cucamonga 178K
24%
City CA San Buenaventura 109K
24%
City AZ Surprise 142K
24%
City UT West Jordan 116K
24%
City CA Corona 170K
23%
City NV Sparks 105K
23%
City TX Sugar Land 118K
23%
City CA Moreno Valley 213K
23%
City SC North Charleston 115K
23%
City KS Olathe 141K
23%
City CA Palmdale 155K
23%
City TX Round Rock 133K
23%
City CA Carlsbad 115K
22%
City TX Mesquite 141K
22%
City MI Warren 134K
22%
City CA Fontana 215K
22%
City TX Grand Prairie 195K
22%
City CA Daly City 106K
21%
Town NY Hempstead 767K
21%
City CA Elk Grove 175K
21%
City CA Escondido 152K
21%
City ID Meridian 114K
21%
City CA Pomona 152K
21%
City CA San Mateo 104K
21%
City CA Fullerton 139K
20%
City CO Greeley 109K
20%
City CA Hayward 159K
20%
City NC High Point 113K
20%
City MI Sterling Heights 132K
20%
City CA Vallejo 122K
20%
City CA Inglewood 108K
20%
City CA Visalia 135K
20%
City CO Thornton 141K
19%
City CT Waterbury 108K
19%
City TX Carrollton 139K
19%
City CA Chico 103K
19%
City TX Pearland 122K
19%
City FL Pembroke Pines 174K
19%
City CO Arvada 121K
18%
City IN Carmel 101K
18%
CDP CA East Los Angeles 123K
18%
City IL Elgin 111K
18%
City OR Gresham 109K
18%
City FL Miami Gardens 110K
18%
City TX San Angelo 101K
18%
City CA Sunnyvale 153K
18%
City CA Temecula 115K
18%
City CA Victorville 122K
18%
City CA Garden Grove 172K
18%
City WA Renton 102K
18%
City CA Roseville 142K
18%
City CA Fairfield 117K
17%
City CA Norwalk 104K
17%
City CO Westminster 113K
17%
City CA Antioch 112K
17%
City CO Centennial 111K
17%
City FL Coral Springs 134K
17%
City FL Miramar 141K
17%
City TX Edinburg 101K
16%
City OR Hillsboro 109K
16%
City FL Pompano Beach 112K
16%
City CA Simi Valley 126K
16%
City CA Vacaville 101K
16%
City CA El Cajon 103K
15%
City FL Palm Bay 116K
15%
CDP NV Sunrise Manor 200K
15%
City CA Vista 102K
15%
City TX Richardson 121K
15%
City GA Sandy Springs 109K
15%
City CA West Covina 105K
15%
City CA Clovis 115K
14%
City CA Downey 111K
14%
City TX Lewisville 109K
14%
City CA Murrieta 116K
13%
City TX League City 108K
13%
CDP LA Metairie 141K
13%
CDP TX The Woodlands 112K
13%
City CA Jurupa Valley 110K
12%
City CA Costa Mesa 113K
12%
City CA El Monte 115K
12%
CDP NV Enterprise 190K
11%
Town FL Davie 106K
11%
Town NY Islip 330K
11%
City CA Rialto 104K
10%
CDP NV Spring Valley 220K
10%
Town NY Brookhaven 481K
9%
Town NY Oyster Bay 298K
8%
Town NY Amherst 126K
8%
CDP FL Brandon 120K
8%
Town NY Babylon 210K
7%
Town NY North Hempstead 231K
6%
CDP FL The Villages 110K
6%
CDP FL Lehigh Acres 135K
5%
Town NY Ramapo 137K
5%
CDP CO Highlands Ranch 109K
5%
Town NY Smithtown 116K
5%
CDP FL Spring Hill 119K
5%
CDP AZ San Tan Valley 110K
4%
CDP CA Arden-Arcade 109K
3%
No matching quizzes found
Score Distribution
Percent of People with Each Score
Percentile by Number Answered
Your Score History
You have not taken this quiz since the last reset